| 000 | 01269 a2200217 4500 | ||
|---|---|---|---|
| 001 | 63968 | ||
| 005 | 20260521160827.0 | ||
| 008 | 260521a1983 arg spa d | ||
| 003 | AR-UNSa-BCEJYS | ||
| 040 |
_aAR-UNSa-BCEJYS _bspa _cAR-UNSa-BCEJYS |
||
| 080 |
_a658.012.2 _xPlanificación. Programas. Planes. Medidas de apoyo a la planificación( Administración estratégica...) |
||
| 245 | 1 | 0 |
_aPlanificación de la empresa del futuro _pPlanear o ser planeado |
| 020 | _a978-968-18-1617-9 | ||
| 264 | 1 |
_aMéxico : _bLimusa _c1983 |
|
| 300 |
_a354 p. _c23 cm. |
||
| 505 | _a1. Concepto cambiante del mundo – 2. Concepto cambiante de la empresa – 3. Concepto cambiante de planeación – 4. Formulación de la problemática – 5. Planeación de los fines: el diseño idealizado – 6. Planeación de los fines: diseños de los sistemas de administración – 7. Planeación de los fines: diseño de la organización – 8. Planeación de los medios: formulación de alternativas – 9. Planeación de los medios: evaluación de alternativas – 10. Planeación de los recursos – 11. Implementación y control de los planes y la planeación – | ||
| 041 | _aspa | ||
| 942 | _cBK | ||
| 590 | _aniveau_biblio:m niveau_hierar:0 | ||
| 100 | 1 | _aAckoff, Ruseell L. | |
| 999 |
_c36446 _d36446 |
||